| 000 | 01200cas a2200385 4500 | ||
|---|---|---|---|
| 001 | 11205670 | ||
| 005 | 20130724165545.0 | ||
| 008 | 780913c19769999ii qrzp 0 b0eng | ||
| 010 | _a 76913522 | ||
| 022 | _a0256-0909 | ||
| 035 | _a(OCoLC)ocm04220479 | ||
| 037 | _bVastrapur, 380015 | ||
| 040 |
_aDLC _cDLC _dAIP _dNST _dNSDP _dNST _dDLC _dDNLM _dOCoLC |
||
| 042 |
_alc _ansdp |
||
| 050 |
_aHD28 _b.V53 |
||
| 082 | _a658.40305 | ||
| 210 | _aVikalpa | ||
| 222 | _aVikalpa | ||
| 245 | _aVikalpa the journal of decision makers | ||
| 260 |
_aAhmedabad, _bIndian Institute of Management. |
||
| 300 |
_av. _bill. _c27 cm. |
||
| 310 | _aQuarterly | ||
| 362 | _av. 1- Jan. 1976- | ||
| 500 | _a"The journal for decision makers." | ||
| 546 | _aIn English. | ||
| 590 | _aSERBIB/SERLOC merged record | ||
| 650 |
_aManagement _vPeriodicals. |
||
| 650 |
_aDecision making _vPeriodicals. |
||
| 710 | _aIndian Institute of Management, Ahmedabad, India. | ||
| 270 |
_bAhmedabad _e380015 |
||
| 906 |
_a7 _bcbc _cserials _d4 _encip _f19 _gn-oclcserc |
||
| 936 | _aJan. 1976 | ||
| 942 |
_2ddc _cSR _h658.40305 _mVIK _s1 |
||
| 999 |
_c24389 _d24389 |
||